000 00278nam a2200109Ia 4500
008 220204s9999 xx 000 0 und d
082 _a678:66
_bDEV.1;1
245 0 _aDevelopments in polymerization. V 1
260 _aLondon
_bApplied Science
_c1979
700 _aR N
942 _cBK
999 _c36574
_d36574